000 00338cam a22001217a 4500
008 180718b1953 xxu||||| |||| 00| 0 eng d
082 _aG93x54 Si64
100 _aSinha, B. S.
245 _aLegal history of India
_cby B. S. Sinha
260 _aLucknow
_bEastern Book
_c1953
300 _a304p
650 _aLaw --India --History and criticism
999 _c427432
_d427432